000 00471nam a22001697a 4500
005 20230627162615.0
008 230627b ||||| |||| 00| 0 eng d
020 _a9781032146751
040 _cAACR2
082 _a004.165 MIS
100 _aMisra, Sudip and et.al.
245 _aIntroduction to industrial internet of things and industry 4.0
260 _aBoca Raton
_bCRC Press
_c2023
300 _a1006p.
650 _aInternet of things
_914516
942 _2ddc
_cBK
999 _c194470
_d194470